Word Ladder: 1977 Styx Hit Quiz Stats

 Plays Quiz Updated Mar 7, 2018

Score 0/17 Timer 02:00
0 Plays Today
Clue 4-Letter Word % Correct
Season before winterFALL
97%
Chair or stool, e.g.SEAT
95.3%
Try to hit a fly with your handSWAT
94.2%
Offer goods in a storeSELL
93.9%
Singer of 'Kiss from a Rose'SEAL
93.3%
Simon who sang with Art GarfunkelPAUL
93.2%
Move back and forth slowlySWAY
92.3%
Norman who played Mr. RoperFELL
91.1%
AshenPALE
91.1%
Clue 4-Letter Word % Correct
Old King of nursery rhymesCOLE
90.8%
Striptease dance accessoryPOLE
90.7%
Covering for a coffinPALL
90.3%
Opposite of passFAIL
90%
'Breaking Bad' prequel central characterSAUL
85.2%
1977 Styx song: [Rung 1] [Rung 8] [Rung 17]•SAIL•
81.1%
1977 Styx song: [Rung 1] [Rung 8] [Rung 17]•AWAY•
80.2%
1977 Styx song: [Rung 1] [Rung 8] [Rung 17]•COME•
75.2%

Today's Daily Dose

Missing Word
Wicked Songs

Word Ladder
Blue Ivies

Get the Picture
Green on the Flag?

You're not logged in!

Compare scores with friends on all Sporcle quizzes.
OR
Log In

You Might Also Like...

Show Comments

Extras

Top Quizzes Today


Score Distribution

Your Account Isn't Verified!

In order to create a playlist on Sporcle, you need to verify the email address you used during registration. Go to your Sporcle Settings to finish the process.

Report this User

Report this user for behavior that violates our Community Guidelines.

Details: